000 01628nam a2200349 a 4500
003 BLK
005 20230811161413.0
008 180408b bul|||||r ||||||| ||bul||
010 _aKNG00063568000
020 _a954-8112-68-Х
040 _aBLK
041 _aBUL
_cBUL
_hDEU
_hENG
_hFRE
_hRUS
080 _aМашини и устройства за обработка на данни. Вж и 003 ; 007 ; 621.391 ; 65.011.56
_b681.3
_x(038.1)=20=30=40=82=867
_z681.3(038.1)=20=30=40=82=867
080 _aРазлични категории думи
_b81`373.4
_x=20=30=40=82=867:681.3
_z81`373.4=20=30=40=82=867:681.3
100 1 _aДелийска, Ваня Петкова
_eпърви автор
_9289034
139 _aДелийска, Ваня Петкова и др.
_bД 37
245 1 0 _aМногоезичен речник по информатика и компютърна техника
_bАнгл.-нем.-фр.-рус.-бълг.
_cВаня Петкова Делийска; съавт. Кети Георгиева Пеева.
257 _aBGR
260 _aСофия
_bБулвест 2000
_c1993
300 _a269 с.
_c20 см
380 _a62
650 4 _aИнформатика - терминология - речници, многоезични
_9254278
650 4 _aРечници, многоезични - информатика
_9254279
700 1 _aПеева, Кети Георгиева
_eсъавт.
_9367773
852 _aЦб 176953
_bЦб
856 4 _qpdf
856 4 _qpdf
942 _cKNG
_n0
944 _aCR
_c13.06.2004
_k30534
_lРадостина Карадакова
944 _aED
_c13.08.2015
999 _c59474
_d59474
999 _d59474